| 000 | 01222nam0a2200325 4500 | ||
|---|---|---|---|
| 001 | RU\NLR\BIBL_A\016236950 | ||
| 005 | 20250625004642.0 | ||
| 035 | _a(NLR Aleph) 016236950 | ||
| 090 |
_a12785281 _c12785281 |
||
| 100 | _a20221213d1903 |||y0rusy50 ca | ||
| 101 | 0 | _arus | |
| 102 | _aRU | ||
| 105 | _ay z 000yy | ||
| 181 | 0 |
_ai _baxxe |
|
| 182 | 0 | _an | |
| 200 | 1 |
_aПроизводство химико технических препаратов _fА. Ганш |
|
| 203 |
_aТекст _bвизуальный _cнепосредственный |
||
| 210 |
_aОдесса _cтип. Южно-русского общества печатного дела _dценз. 1903 |
||
| 215 |
_a7, [1] с. _d16 |
||
| 606 | 1 |
_aХимические товары _jПрейскуранты _xТорговля _yРоссия _92531475 _3RU\NLR\AUTH\6601713225 |
|
| 606 | 1 |
_aСмазочные материалы _jКаталоги _91007857 _3RU\NLR\AUTH\66383263 |
|
| 686 | 3 | _aУ42(28)152.352-861я27 | |
| 686 | 3 | _aЖ820.56-3я87 | |
| 700 | 1 |
_aГанш _bА. |
|
| 852 |
_aNLR _j34.83.4.908 |
||
| 942 | _cBOOK | ||
| 980 | _aNB | ||